<?xml version="1.0" encoding="UTF-8"?>
<marc:record xmlns:marc="http://www.loc.gov/MARC21/slim">
   <marc:leader>00000nam a2200000 a 4500</marc:leader>
   <marc:datafield ind1="1" ind2=" " tag="100">
      <marc:subfield code="a">Swanberg, Johanna</marc:subfield>
      <marc:subfield code="4">aut</marc:subfield>
      <marc:subfield code="e">Verfasser/-in</marc:subfield>
   </marc:datafield>
   <marc:datafield ind1="1" ind2=" " tag="100">
      <marc:subfield code="a">Hoyer, Nina</marc:subfield>
      <marc:subfield code="4">trl</marc:subfield>
      <marc:subfield code="e">Übersetzer/-in</marc:subfield>
   </marc:datafield>
   <marc:datafield ind1=" " ind2=" " tag="653">
      <marc:subfield code="a">feel good</marc:subfield>
   </marc:datafield>
   <marc:datafield ind1=" " ind2=" " tag="653">
      <marc:subfield code="a">Sommerroman</marc:subfield>
   </marc:datafield>
   <marc:datafield ind1=" " ind2=" " tag="653">
      <marc:subfield code="a">Sommerbestseller</marc:subfield>
   </marc:datafield>
   <marc:datafield ind1="0" ind2="0" tag="245">
      <marc:subfield code="a">Sommer ohne Plan</marc:subfield>
   </marc:datafield>
   <marc:datafield ind1="0" ind2="0" tag="245">
      <marc:subfield code="b">Roman | »Dieses Buch bringt einen zum Lachen und zum Weinen; es macht einfach glücklich.« »Freundin«</marc:subfield>
   </marc:datafield>
   <marc:datafield ind1="0" ind2="0" tag="245">
      <marc:subfield code="c">Johanna Swanberg ; aus dem Schwedischen von Nina Hoyer</marc:subfield>
   </marc:datafield>
   <marc:datafield ind1=" " ind2="1" tag="264">
      <marc:subfield code="a">Hamburg</marc:subfield>
      <marc:subfield code="b">Hoffmann und Campe</marc:subfield>
      <marc:subfield code="c">2026</marc:subfield>
   </marc:datafield>
   <marc:datafield ind1=" " ind2=" " tag="250">
      <marc:subfield code="a">Ungekürtze Ausgabe, 1. Auflage</marc:subfield>
   </marc:datafield>
   <marc:datafield ind1="1" ind2=" " tag="520">
      <marc:subfield code="a">Ein unvergesslicher Sommer der ungeplanten Möglichkeiten  der große lebensfrohe Frühjahrsbestseller aus Schweden #Die perfektionistische Cassi führt in Stockholm ein Restaurant, aber dann ist plötzlich Schluss: Burnout. Cassi erkennt, dass sie so nicht weitermachen kann und fasst einen spontanen Entschluss: Sie kauft eine Waldhütte und verlässt die Stadt. Doch dummerweise geht im nahegelegenen Dorf bald das Gerücht um, sie wäre eine erfahrene Selbsthilfe-Guru. Immer mehr ihrer neuen Nachbarn stehen vor ihrer Tür. Doch statt das kuriose Missverständnis aufzuklären, beschließt Cassi, einfach mitzuspielen  und tritt ungewollt eine Lawine aberwitziger Ereignisse los ... Dieser umwerfend warmherzige, lustige und anrührende Roman über den Mut zur Planlosigkeit hat ganz Schweden in Begeisterung versetzt. #»Ein cleverer, ein sehr lustiger Roman!« Fredrik Backman</marc:subfield>
   </marc:datafield>
   <marc:datafield ind1=" " ind2=" " tag="020">
      <marc:subfield code="a">9783455021523</marc:subfield>
      <marc:subfield code="9">9783455021523</marc:subfield>
   </marc:datafield>
   <marc:datafield ind1=" " ind2=" " tag="041">
      <marc:subfield code="a">ger</marc:subfield>
   </marc:datafield>
   <marc:datafield ind1=" " ind2=" " tag="300">
      <marc:subfield code="a">416 Seiten; 21 cm x</marc:subfield>
   </marc:datafield>
</marc:record>
